Annual report of the director of the department of antiquities for the year 1977

Αποθηκεύτηκε σε:
Λεπτομέρειες βιβλιογραφικής εγγραφής
Συγγραφή απο Οργανισμό/Αρχή: Republic of Cyprus
Μορφή: Βιβλίο
Γλώσσα:English
Δημοσίευση: Cyprus : Printed at the printing office of the republic , 1978
Θέματα:
Ετικέτες: Προσθήκη ετικέτας
Δεν υπάρχουν, Καταχωρήστε ετικέτα πρώτοι!

MARC

LEADER 00000nam a2200000 i 4500
001 1/43236
008 961105s1978 eng d
035 |l 10025736 
040 |a GR-MY-UA  |b gre  |e aacr 
041 0 |a eng 
082 0 |a 930.1 
110 2 |a Republic of Cyprus. 
245 1 0 |a Annual report of the director of the department of antiquities for the year 1977 /  |c Republic of cyprus 
260 |a Cyprus :   |b Printed at the printing office of the republic ,   |c 1978 
300 |a 54 p. 
500 |a Includes pictures 
651 0 |a Cyprus  |x Antiquities. 
852 |a INST  |b CHIOS  |e 19961105  |h 930.1 ANN  |p 005200011100  |q 005200011100  |t BK  |y 0 
909 |a Χ  |b 047763